00689nam a2200241 a 4500001001300000003000900013005001700022008004100039020001000080082001700090100002300107245001700130260003200147300000900179500003500188505003000223650002400253700002300277902000800300942000700308952011700315999001500432nice12345678IN_TiNIC20260116011537.0050524s0000 lona grp 000 0 per  ac10000a891.51bJAM1 aJami, Abdur Rahman aDiwan-E-Jami aLondon bNo Publisherc0000 a316p aincludes index and biblioraphy2 aVol.3, 2 Copies and Vol.4 aPersian Poetry-Jami1 aJami, Abdur Rahman bSRS cBK 001040708StackRoom-aHMIbHMId2008-08-11g100.00l0o891.51 JAM1p04440r2008-08-11v100.00w2005-05-24yBK c2480d2480